Score 0/28 Timer 03:00
0 Plays Today
Cover Song Missing Word % Correct
Somebody to ____Love
94.8%
____ DiggerGold
94.1%
Don't Stop ________Believin'
93.6%
Can't Fight This _______Feeling
92.6%
Just the Way You ___Are
90.1%
I Want To Hold Your ____Hand
90%
___ ___ BabyIce
88.1%
Like a _____Virgin
87.9%
Hey, ____ SisterSoul
87.5%
_____ FacePoker
87.3%
Only the Good Die _____Young
86.9%
U Can't _____ ThisTouch
85.8%
My Life Would ____ Without YouSuck
84%
_____, GoodbyeHello
83.3%
Cover Song Missing Word % Correct
Total _______ of the HeartEclipse
82.8%
I'll _____ by YouStand
80.2%
Thong ____Song
79.1%
_______ DreamTeenage
77.4%
Papa Don't ______Preach
75.5%
Take a ___Bow
73.1%
I'm a _____ 4 USlave
70%
_______ To HellHighway
65.9%
_______ with MyselfDancing
58.9%
You Keep Me ______ OnHangin'
58%
The Only _________Exception
47.9%
The ______ DanceSafety
43%
Bust Your _______Windows
42.9%
Tell Me Something ____Good
40.5%

Today's Daily Dose

Remove Ads.
Support Sporcle.
Get the best of Sporcle when you Go Orange. This ad-free experience offers more features, more stats, and more fun while also helping to support Sporcle. Thank you for becoming a member.

You're not logged in!

Compare scores with friends on all Sporcle quizzes.
OR
Log In

Show Comments

Extras

Top Quizzes Today


Score Distribution

Your Account Isn't Verified!

In order to create a playlist on Sporcle, you need to verify the email address you used during registration. Go to your Sporcle Settings to finish the process.

Report this User

Report this user for behavior that violates our Community Guidelines.

Details: